Zoology for degree student/ (Record no. 152840)

MARC details
000 -LEADER
fixed length control field 00649nam a22002057a 4500
005 - DATE AND TIME OF LATEST TRANSACTION
control field 20181116113210.0
010 ## - LCCN (DPL NO)
LC control number ENG-123252
020 ## - INTERNATIONAL STANDARD BOOK NUMBER
International Standard Book Number 9789352534111
Terms of availability 495.00
035 ## - SYSTEM CONTROL NUMBER
System control number EN-106784
037 ## - SOURCE OF ACQUISITION
Source of stock number/acquisition DBAD/PUB
082 ## - DEWEY DECIMAL CLASSIFICATION NUMBER
Classification number 590
100 ## - MAIN ENTRY--PERSONAL NAME
Personal name Agarwal, V K
245 ## - TITLE STATEMENT
Title Zoology for degree student/
Statement of responsibility, etc by V K Agarwal
Remainder of title non-chordates II, cell biology
260 ## - PUBLICATION, DISTRIBUTION, ETC. (IMPRINT)
Place of publication, distribution, etc New Delhi
Name of publisher, distributor, etc S. Chand
Date of publication, distribution, etc 2018
270 ## - ADDRESS
Address 7361, Ram Nagar,
City New Delhi
Postal code 110055
300 ## - PHYSICAL DESCRIPTION
Extent 931p.
Dimensions 23cm(pbk)
Other physical details ill.
500 ## - GENERAL NOTE
General note it includes index
500 ## - GENERAL NOTE
General note BSc (Hons) Semester II as per UGC Choice Based Credit System (CBCS)
942 ## - ADDED ENTRY ELEMENTS (KOHA)
Source of classification or shelving scheme Dewey Decimal Classification
Item type English Books
Call number suffix CHA
Classification part 590
Holdings
Withdrawn status Lost status Not for loan Collection code Home library Current library Date acquired Source of acquisition Cost, normal purchase price Full call number Barcode Copy number Cost, replacement price Koha item type
    Not For Loan Non-fiction D.B.Act.Division Bawana 19/06/2018 DBAD/PUB 495.00 590 AGA EN-106784 1 495.00 English Books

© Delhi Public Library
Hit Counter
free hit counter